[Event "32. Kieler Open 2019 B-Open"]
[Site "Kiel"]
[Date "2019.07.29"]
[Round "5.23"]
[White "Astaev, Tobias"]
[Black "Tran, Duc Huy"]
[Result "0-1"]
[WhiteElo "1202"]
[BlackElo "1451"]
[Annotator "HJH"]
[PlyCount "66"]
[EventDate "2019.??.??"]
[WhiteTeam "Raisdorfer SG"]
[BlackTeam "SC Agon Neumünster"]

1. e4 c5 2. Nf3 Nc6 3. d4 cxd4 4. Nxd4 d6 5. Bb5 Bd7 6. Nc3 a6 7. Bxc6 bxc6 8.
O-O g6 9. Nce2 Bg7 10. f4 c5 11. Nf3 Nf6 12. e5 dxe5 13. fxe5 Ng4 14. Qd5 Rc8
15. Ng5 Be6 16. Qxd8+ Rxd8 17. Nxe6 fxe6 18. Bf4 O-O 19. Bg5 Rxf1+ 20. Rxf1 Rd7
21. Nc3 Bxe5 22. Re1 Bxh2+ 23. Kh1 Be5 24. Re4 Nf2+ 25. Kg1 Nxe4 26. Nxe4 Rd4
27. Nxc5 Rd1+ 28. Kf2 Bd4+ 29. Be3 Bxc5 30. Bxc5 Rd2+ 31. Kf3 Kf7 32. Ke3 Rxc2
33. Bd4 Rxg2 {53 Züge} 0-1

[Event "32. Kieler Open 2019 B-Open"]
[Site "Kiel"]
[Date "2019.07.29"]
[Round "5.24"]
[White "Turp, Hüseyin"]
[Black "Hogreve, Holger"]
[Result "0-1"]
[WhiteElo "1620"]
[BlackElo "1434"]
[Annotator "HJH"]
[PlyCount "70"]
[EventDate "2019.??.??"]
[WhiteTeam "Oberhausener SV"]
[BlackTeam " Eckernförder SC"]

1. d4 g6 2. Bf4 Bg7 3. e3 c5 4. c3 cxd4 5. cxd4 Qb6 6. Nd2 Nf6 7. h4 h5 8. Be2
d5 9. Ngf3 Bf5 10. b3 Nc6 11. O-O O-O 12. Nh2 Rfe8 13. g4 hxg4 14. Nxg4 Bxg4
15. Bxg4 e5 16. dxe5 Nxe5 17. Be2 Qe6 18. Nf3 Nxf3+ 19. Bxf3 Qf5 20. Rc1 Rac8
21. Kg2 b6 22. Bg5 Rc5 23. b4 Rxc1 24. Qxc1 Rc8 25. Qd1 Rd8 26. Qd2 Re8 27.
Bxf6 Bxf6 28. Qxd5 Qxd5 29. Bxd5 Re5 30. e4 Rh5 31. Rc1 Rxh4 32. Rc7 Rh7 33.
Rc8+ Kg7 34. Kg3 Rh8 35. Rc7 Be5+ 0-1

[Event "32. Kieler Open 2019 B-Open"]
[Site "Kiel"]
[Date "2019.07.29"]
[Round "5.25"]
[White "Schulze, Lukas"]
[Black "Kathage, Holger"]
[Result "1/2-1/2"]
[WhiteElo "1724"]
[BlackElo "1662"]
[Annotator "HJH"]
[PlyCount "100"]
[EventDate "2019.??.??"]
[WhiteTeam "SK Lehrte"]
[BlackTeam "VSF Flintbek"]

1. Nf3 Nf6 2. c4 Nc6 3. d4 d5 4. cxd5 Nxd5 5. e4 Nb6 6. h3 e6 7. Bf4 Bd6 8.
Bxd6 Qxd6 9. Nc3 a6 10. Be2 O-O 11. Qd3 Rd8 12. Rd1 Qe7 13. O-O Nd7 14. Qc2 b6
15. a3 Bb7 16. d5 Nce5 17. dxe6 fxe6 18. Nxe5 Nxe5 19. Qb3 Kh8 20. Rfe1 Ng6 21.
Bg4 e5 22. Nd5 Bxd5 23. Rxd5 Nf4 24. Rxd8+ Rxd8 25. Qc4 Qg5 26. Qxc7 h5 27. Bf3
Nxh3+ 28. Kf1 Nf4 29. g3 Ne6 30. Qxb6 Nd4 31. Bxh5 Rf8 32. Qb4 Rf6 33. Kg2 Qxh5
34. Rh1 Rxf2+ 35. Kxf2 Qxh1 36. Qf8+ Kh7 37. b4 Qh2+ 38. Kf1 Qe2+ 39. Kg1 Nf3+
40. Qxf3 Qxf3 41. a4 Qxg3+ 42. Kf1 Qb3 43. b5 axb5 44. a5 Qa2 45. a6 Qxa6 46.
Ke2 b4+ 47. Kd2 Qa2+ 48. Kd3 b3 49. Kc4 b2+ 50. Kc3 b1=Q 1/2-1/2

[Event "32. Kieler Open 2019 B-Open"]
[Site "Kiel"]
[Date "2019.07.29"]
[Round "5.28"]
[White "Bunke, Mike"]
[Black "Klich, Mirko"]
[Result "1-0"]
[WhiteElo "1597"]
[BlackElo "1294"]
[Annotator "HJH"]
[PlyCount "46"]
[EventDate "2019.??.??"]
[WhiteTeam "Schleswiger SV"]
[BlackTeam "SC Rochade Zeulenroda"]

1. c4 c5 2. g3 g6 3. Nc3 Nc6 4. Bg2 Bg7 5. Nf3 Nf6 6. O-O O-O 7. d3 Qc7 8. Be3
d6 9. Qd2 Ng4 10. Nd5 Qd8 11. h3 Nxe3 12. Nxe3 Bd7 13. Rab1 a5 14. a3 Qc8 15.
Kh2 e6 16. Rh1 Rb8 17. Kg1 b5 18. h4 Rb7 19. h5 h6 20. Ng4 f5 21. Nxh6+ Kh8 22.
hxg6 f4 23. Ng5 Ne5 1-0

[Event "32. Kieler Open 2019 B-Open"]
[Site "Kiel"]
[Date "2019.07.29"]
[Round "5.29"]
[White "Priemer, Sören Gregor"]
[Black "Wellßow, Lio Keanu"]
[Result "1/2-1/2"]
[WhiteElo "1393"]
[BlackElo "1184"]
[Annotator "HJH"]
[PlyCount "50"]
[EventDate "2019.??.??"]
[WhiteTeam "SC Agon Neumünster"]
[BlackTeam "SG Jasmund"]

1. e4 Nc6 2. d4 e5 3. Nf3 d5 4. dxe5 dxe4 5. Qxd8+ Nxd8 6. Nfd2 Nc6 7. Bb5 Bd7
8. Nxe4 Nxe5 9. Bxd7+ Nxd7 10. Be3 O-O-O 11. O-O Kb8 12. Ng5 Nh6 13. Nc3 f6 14.
Nf3 Bc5 15. Rfe1 Bxe3 16. Rxe3 Nf5 17. Re2 Rhe8 18. Rxe8 Rxe8 19. Rd1 Nb6 20.
Nd5 Nh4 21. Nxb6 Nxf3+ 22. gxf3 cxb6 23. Kf1 Kc7 24. Rd4 Re6 25. Rh4 h6 1/2-1/2

[Event "32. Kieler Open 2019 B-Open"]
[Site "Kiel"]
[Date "2019.07.29"]
[Round "5.30"]
[White "Wentzel, Martin"]
[Black "Schulz, Jale"]
[Result "0-1"]
[WhiteElo "1335"]
[BlackElo "933"]
[Annotator "HJH"]
[PlyCount "36"]
[EventDate "2019.??.??"]
[WhiteTeam "SG Jasmund"]
[BlackTeam "Raisdorfer SG"]

1. e4 e5 2. Nf3 Nc6 3. Bb5 Bd6 4. Bxc6 bxc6 5. a3 Ba6 6. d3 h6 7. O-O Nf6 8.
Re1 O-O 9. h3 Qe7 10. Nh2 c5 11. Qf3 Bb7 12. Qg3 g6 13. Bxh6 Rfe8 14. Bg5 Qe6
15. Re3 Nh5 16. Qh4 Bc6 17. Rf3 Be7 18. g4 Bxg5 0-1

[Event "32. Kieler Open 2019 B-Open"]
[Site "Kiel"]
[Date "2019.07.29"]
[Round "5.32"]
[White "Malinowsky, Celina"]
[Black "Lauzening, Rene"]
[Result "1-0"]
[WhiteElo "1109"]
[BlackElo "1047"]
[Annotator "HJH"]
[PlyCount "113"]
[EventDate "2019.??.??"]
[WhiteTeam "SK Doppelbauer Kiel"]
[BlackTeam "Raisdorfer SG"]

1. e4 e6 2. d4 d5 3. exd5 exd5 4. Bd3 c5 5. c3 c4 6. Bc2 Bd6 7. b3 b5 8. Nf3
Nc6 9. O-O Nf6 10. Re1+ Ne7 11. Bg5 Nfg8 12. Nbd2 f6 13. Be3 g5 14. Qb1 b4 15.
bxc4 bxc3 16. Ba4+ Bd7 17. Bxd7+ Qxd7 18. Nf1 dxc4 19. Qc2 Qc6 20. Qxc3 Rb8 21.
Rab1 Nh6 22. Rxb8+ Bxb8 23. N1d2 O-O 24. Qxc4+ Qxc4 25. Nxc4 Rc8 26. Na3 g4 27.
Bxh6 gxf3 28. Rxe7 Kh8 29. gxf3 Bd6 30. Rxa7 Rg8+ 31. Kf1 f5 32. f4 Rg6 33.
Ra8+ Rg8 34. Rxg8+ Kxg8 35. Nc4 Bb4 36. a4 Bc3 37. d5 Kf7 38. a5 Bb4 39. a6 Bc5
40. d6 Ke8 41. Bg5 h6 42. Be7 h5 43. Na5 Bb6 44. Nc6 h4 45. a7 Bxa7 46. Nxa7
Kd7 47. Kg2 h3+ 48. Kxh3 Ke8 49. Kg3 Kd7 50. h4 Ke8 51. h5 Kf7 52. h6 Ke8 53.
h7 Kf7 54. h8=Q Kg6 55. Qf6+ Kh7 56. Bf8 Kg8 57. Qg7# 1-0

[Event "32. Kieler Open 2019 B-Open"]
[Site "Kiel"]
[Date "2019.07.29"]
[Round "5.33"]
[White "Frahm, Ben Jonas"]
[Black "Sari, Onur"]
[Result "0-1"]
[WhiteElo "776"]
[BlackElo "1162"]
[Annotator "HJH"]
[PlyCount "90"]
[EventDate "2019.??.??"]
[WhiteTeam "Raisdorfer SG"]
[BlackTeam "SC Agon Neumünster"]

1. e4 c5 2. Bc4 Nc6 3. Nf3 g6 4. Nc3 Bg7 5. b3 e6 6. Bb2 Nge7 7. Rb1 O-O 8. Ba3
b6 9. O-O Bb7 10. d3 Bxc3 11. Bc1 d5 12. exd5 exd5 13. Bb5 Qc7 14. Ng5 Rad8 15.
Qg4 a6 16. Qh4 h5 17. Qh3 axb5 18. Ne6 Bc8 19. Nxc7 Bxh3 20. gxh3 Nd4 21. Re1
Rd7 22. Rd1 Rxc7 23. Bh6 Re8 24. a4 Nef5 25. Be3 Nxe3 26. fxe3 Rxe3 27. Kg2
Rce7 28. Rf1 Nxc2 29. Rbc1 bxa4 30. bxa4 Re2+ 31. Rf2 d4 32. Rxc2 Rxc2 33. Rxc2
Ra7 34. Kg3 Rxa4 35. Kf4 c4 36. Kg5 cxd3 37. Rc1 d2 38. Rd1 Ra1 39. Rxa1 Bxa1
40. Kf6 d1=Q 41. h4 Qe2 42. h3 d3+ 43. Kg5 Kg7 44. Kf4 Be5+ 45. Kg5 Qe3# 0-1

[Event "32. Kieler Open 2019 B-Open"]
[Site "Kiel"]
[Date "2019.07.30"]
[Round "6.1"]
[White "Hentrop, Malte"]
[Black "Bendixen, Matthes"]
[Result "0-1"]
[WhiteElo "1805"]
[BlackElo "1645"]
[Annotator "HAD"]
[PlyCount "78"]
[EventDate "2019.??.??"]
[WhiteTeam "Findorffer Sfr"]
[BlackTeam "Schleswiger SV"]

1. d4 Nf6 2. c4 e6 3. Nf3 d5 4. Nc3 Bb4 5. Bd2 O-O 6. e3 c5 7. a3 Bxc3 8. Bxc3
Ne4 9. Qc2 Nd7 10. Bd3 cxd4 11. exd4 Ndf6 12. O-O Nxc3 13. Qxc3 Bd7 14. c5 b6
15. b4 Qc7 16. Ne5 Ne4 17. Qc2 bxc5 18. Nxd7 Qxd7 19. bxc5 Qc6 20. Rab1 Rab8
21. f3 Nf6 22. Rxb8 Rxb8 23. Rb1 Rxb1+ 24. Qxb1 g6 25. Qb3 Qc7 26. Bf1 Qf4 27.
Qb4 Ne8 28. c6 Qe3+ 29. Kh1 Qc1 30. Qb5 Nc7 31. Qb8+ Kg7 32. Kg1 Qxc6 33. Qxa7
Qc3 34. Kf2 Qd2+ 35. Kg3 Qe1+ 36. Kh3 g5 37. g3 Qxf1+ 38. Kg4 Kg6 39. Qxc7 f5#
0-1

[Event "32. Kieler Open 2019 B-Open"]
[Site "Kiel"]
[Date "2019.07.30"]
[Round "6.2"]
[White "Götz, Dirk"]
[Black "Noreisch, Reiner"]
[Result "1/2-1/2"]
[WhiteElo "1766"]
[BlackElo "1602"]
[Annotator "HAD"]
[PlyCount "66"]
[EventDate "2019.??.??"]
[WhiteTeam "SG Kiel v. 1952"]
[BlackTeam "Lübecker SV"]

1. d4 g6 2. Nf3 Bg7 3. g3 c5 4. e3 Nf6 5. Bg2 Nc6 6. O-O cxd4 7. exd4 h6 8. c3
d5 9. Nbd2 O-O 10. Re1 b5 11. Nb3 a5 12. Nc5 b4 13. Ne5 Na7 14. c4 e6 15. Bf4
g5 16. Be3 Rb8 17. f4 Nh7 18. fxg5 Nxg5 19. Bxg5 hxg5 20. Rc1 Qd6 21. Qh5 Qd8
22. Kh1 Rb6 23. Na4 Rb7 24. c5 Bxe5 25. Rxe5 f6 26. Ree1 Nc6 27. Qd1 Rh7 28.
Nb6 f5 29. Qd3 f4 30. Nxc8 Qxc8 31. Qg6+ Rg7 32. Qxe6+ Qxe6 33. Rxe6 Nxd4
1/2-1/2

[Event "32. Kieler Open 2019 B-Open"]
[Site "Kiel"]
[Date "2019.07.30"]
[Round "6.3"]
[White "Johlke, Lorenz"]
[Black "von Koschitzky, Tilo"]
[Result "1/2-1/2"]
[WhiteElo "1602"]
[BlackElo "1774"]
[Annotator "HAD"]
[PlyCount "70"]
[EventDate "2019.??.??"]
[WhiteTeam "SG Jasmund"]
[BlackTeam "SK Doppelbauer Kiel"]

1. e4 c5 2. f4 Nc6 3. Nf3 d6 4. Nc3 a6 5. g3 Bg4 6. Bg2 Nf6 7. h3 Bd7 8. O-O e5
9. fxe5 dxe5 10. d3 h6 11. Qe2 Be6 12. a3 Bd6 13. Bd2 Qd7 14. Kh2 Bc7 15. b3
Nd4 16. Nxd4 cxd4 17. Na4 Qc6 18. Rfc1 b5 19. Nb2 Bb6 20. c4 Qd7 21. c5 Bc7 22.
b4 O-O 23. Rf1 Qe7 24. Nd1 Nd7 25. h4 Nb8 26. Nf2 Nc6 27. Bh3 Ra7 28. Bxe6 Qxe6
29. Kg2 Rfa8 30. Rfb1 a5 31. Qd1 axb4 32. axb4 Ra2 33. Rxa2 Rxa2 34. Bc1 Bd8
35. Qb3 Qxb3 1/2-1/2

[Event "32. Kieler Open 2019 B-Open"]
[Site "Kiel"]
[Date "2019.07.30"]
[Round "6.4"]
[White "Kageler, Anton Paul"]
[Black "Plichta, Hans-Reiner"]
[Result "0-1"]
[WhiteElo "1601"]
[BlackElo "1765"]
[Annotator "HAD"]
[PlyCount "132"]
[EventDate "2019.??.??"]
[WhiteTeam "SV Roter Turm Halle"]
[BlackTeam "Kieler SG"]

1. e4 c5 2. Nf3 d6 3. d4 cxd4 4. Nxd4 a6 5. Nc3 Nf6 6. Be2 e6 7. O-O Be7 8. Kh1
Nc6 9. f4 e5 10. Nb3 exf4 11. Bxf4 O-O 12. Qe1 Ne5 13. Rd1 Qc7 14. Nd4 Bd7 15.
Bxe5 dxe5 16. Nf5 Bxf5 17. Rxf5 Bb4 18. Bd3 Bxc3 19. bxc3 Ne8 20. Qg3 f6 21.
Be2 Nd6 22. Rff1 Nxe4 23. Qg4 f5 24. Rxf5 Nf2+ 25. Rxf2 Rxf2 26. Rd7 Qxd7 27.
Qxd7 Rxe2 28. Qd1 Rf2 29. h3 Raf8 30. Kh2 R2f7 31. Qd5 Re8 32. Qe4 Ree7 33. Kg3
g6 34. c4 Kg7 35. c5 Rf4 36. Qe3 g5 37. Qc3 Rf6 38. Qe3 h6 39. a3 e4 40. a4 Kg6
41. a5 Rc6 42. Kg4 Re5 43. Qd4 h5+ 44. Kg3 Kf6 45. Qd8+ Re7 46. Qd4+ Kg6 47.
Qe3 Re5 48. Qd4 Rcxc5 49. Qd6+ Kf5 50. Qd7+ Re6 51. Qf7+ Ke5 52. Qg7+ Kd6 53.
Qxb7 e3 54. Qxa6+ Rc6 55. Qd3+ Kc7 56. Qh7+ Kb8 57. Qg8+ Ka7 58. Qh7+ Ka6 59.
Qd3+ Kxa5 60. Qa3+ Kb6 61. Qb4+ Kc7 62. Qa5+ Kd7 63. Qa7+ Ke8 64. Qb8+ Kf7 65.
Qh8 e2 66. Qxh5+ Kg7 0-1

[Event "32. Kieler Open 2019 B-Open"]
[Site "Kiel"]
[Date "2019.07.30"]
[Round "6.5"]
[White "Wieser, Hans-Joachim"]
[Black "Behrendt, Matthias"]
[Result "0-1"]
[WhiteElo "1556"]
[BlackElo "1747"]
[Annotator "HAD"]
[PlyCount "48"]
[EventDate "2019.??.??"]
[WhiteTeam "VSF Flintbek"]
[BlackTeam "SC Agon Neumünster"]

1. e4 c5 2. Nf3 e6 3. d4 cxd4 4. Nxd4 a6 5. Nc3 Qc7 6. a3 b5 7. Bd3 Bb7 8. Be3
Nc6 9. Nce2 d6 10. Nxc6 Bxc6 11. Nd4 Bb7 12. b4 Nf6 13. f3 Be7 14. Qe2 O-O 15.
O-O d5 16. Bf2 Bd6 17. h3 Nh5 18. Qe1 Ng3 19. Bxg3 Bxg3 20. Qe2 Qb6 21. Qe3 Be5
22. c3 Rac8 23. Nf5 Qxe3+ 24. Nxe3 Rxc3 0-1

[Event "32. Kieler Open 2019 B-Open"]
[Site "Kiel"]
[Date "2019.07.30"]
[Round "6.6"]
[White "Bräutigam, Alexander"]
[Black "Gerigk, Daniel"]
[Result "1-0"]
[WhiteElo "1558"]
[BlackElo "1701"]
[Annotator "HAD"]
[PlyCount "97"]
[EventDate "2019.??.??"]
[WhiteTeam "SV VHS Rendsburg"]
[BlackTeam "Vereinigung der Schachsportfreun"]

1. d4 Nf6 2. c4 e6 3. Nf3 d5 4. e3 c5 5. Bd2 Nc6 6. Bc3 Ne4 7. Nbd2 Nxc3 8.
bxc3 Qc7 9. Rc1 b6 10. Nb3 a5 11. a4 Ba6 12. cxd5 Bxf1 13. Kxf1 exd5 14. dxc5
bxc5 15. Qxd5 Rd8 16. Qe4+ Be7 17. g3 O-O 18. Kg2 Rfe8 19. Qf5 g6 20. Qc2 Ne5
21. Nxe5 Qxe5 22. Rhd1 Rc8 23. c4 Qc7 24. Rd5 h5 25. Rcd1 Rb8 26. Nd2 Rb4 27.
Nb1 Qc6 28. Kg1 Rxa4 29. Nd2 Rb4 30. Nf3 Qa6 31. Ne5 Bf8 32. f4 Qe6 33. e4 f5
34. Qe2 Reb8 35. exf5 gxf5 36. Qxh5 Rb1 37. Qg5+ Bg7 38. Rd8+ Kh7 39. Qh5+ Bh6
40. R8d7+ Kg8 41. Rxb1 Rxb1+ 42. Kg2 Rb8 43. Rc7 Bg7 44. Rc6 Qe7 45. Qxf5 Bxe5
46. Qxe5 Qxe5 47. fxe5 a4 48. Rxc5 Rb4 49. Kh3 1-0

[Event "32. Kieler Open 2019 B-Open"]
[Site "Kiel"]
[Date "2019.07.30"]
[Round "6.7"]
[White "Reimer, Eugen"]
[Black "Jarosch, Wolfram"]
[Result "0-1"]
[WhiteElo "1554"]
[BlackElo "1691"]
[Annotator "HAD"]
[PlyCount "44"]
[EventDate "2019.??.??"]
[WhiteTeam "VSF Flintbek"]
[BlackTeam "fuß brothers Jena"]

1. e4 d5 2. exd5 Nf6 3. c4 c6 4. dxc6 Nxc6 5. d3 e5 6. Nc3 Bc5 7. Bg5 O-O 8.
Ne4 Bb4+ 9. Nc3 Bf5 10. a3 Bc5 11. Nf3 Qb6 12. Qc2 e4 13. Na4 Qa5+ 14. Bd2 Qc7
15. Nh4 exd3 16. Bxd3 Bxd3 17. Qxd3 Rfe8+ 18. Be3 Rad8 19. Qc3 Bd4 20. Qc1 Ng4
21. Nf5 Qf4 22. Nxd4 Qxf2+ 0-1

[Event "32. Kieler Open 2019 B-Open"]
[Site "Kiel"]
[Date "2019.07.30"]
[Round "6.8"]
[White "Wellßow, Keoki"]
[Black "Suliga, Eckhard"]
[Result "0-1"]
[WhiteElo "1544"]
[BlackElo "1682"]
[Annotator "HAD"]
[PlyCount "48"]
[EventDate "2019.??.??"]
[WhiteTeam "SG Jasmund"]
[BlackTeam "SC Turm Lüneburg"]

1. c4 e5 2. g3 Nf6 3. Bg2 d5 4. cxd5 Nxd5 5. Nc3 Nb6 6. Nf3 Nc6 7. O-O Be7 8.
e3 O-O 9. d4 exd4 10. Nxd4 Nxd4 11. Qxd4 Qxd4 12. exd4 Rd8 13. Re1 Kf8 14. Bf4
c6 15. Re2 Be6 16. Rae1 Rd7 17. Rd1 Bg4 18. f3 Be6 19. b3 Rad8 20. Be5 Bf5 21.
g4 Bg6 22. f4 f6 23. f5 Bf7 24. Bg3 Rxd4 0-1

[Event "32. Kieler Open 2019 B-Open"]
[Site "Kiel"]
[Date "2019.07.30"]
[Round "6.9"]
[White "Schulze, Lukas"]
[Black "Pick, Max"]
[Result "1-0"]
[WhiteElo "1724"]
[BlackElo "1515"]
[Annotator "HAD"]
[PlyCount "87"]
[EventDate "2019.??.??"]
[WhiteTeam "SK Lehrte"]
[BlackTeam "SK Kerpen"]

1. Nf3 c5 2. c4 Nc6 3. d4 cxd4 4. Nxd4 g6 5. Nc3 Bg7 6. Be3 d6 7. g3 e5 8. Ndb5
Bf8 9. Ne4 d5 10. Qxd5 Bb4+ 11. Bd2 Bxd2+ 12. Nxd2 Qxd5 13. Nc7+ Kf8 14. cxd5
Nb4 15. Nxa8 Nc2+ 16. Kd1 Nxa1 17. Kc1 Nf6 18. e4 Ke7 19. Nc7 a6 20. Na8 Nd7
21. Kb1 b5 22. Kxa1 Kd6 23. Bh3 Nc5 24. Bxc8 Rxc8 25. Nb6 Rb8 26. Nbc4+ bxc4
27. Nxc4+ Ke7 28. Nxe5 Rb7 29. f3 Na4 30. b3 Nc3 31. Rc1 Ne2 32. Rc2 Nd4 33.
Nc6+ Nxc6 34. dxc6 Rc7 35. b4 Kd8 36. a4 Ra7 37. Rd2+ Kc8 38. Rd7 Rxd7 39.
cxd7+ Kxd7 40. Kb2 Kd6 41. Kc3 f5 42. exf5 gxf5 43. Kd4 Kc6 44. b5+ 1-0

[Event "32. Kieler Open 2019 B-Open"]
[Site "Kiel"]
[Date "2019.07.30"]
[Round "6.10"]
[White "Neubert, Conrad"]
[Black "Gerull, Dirk"]
[Result "0-1"]
[WhiteElo "1094"]
[BlackElo "1815"]
[Annotator "HAD"]
[PlyCount "64"]
[EventDate "2019.??.??"]
[WhiteTeam "SF Schwerin"]
[BlackTeam "VSF Flintbek"]

1. d4 d5 2. c4 e5 3. dxe5 d4 4. e3 Bb4+ 5. Bd2 dxe3 6. Qa4+ Nc6 7. Bxb4 exf2+
8. Kxf2 Qd4+ 9. Ke1 Qxb2 10. Bc3 Qc1+ 11. Qd1 Qe3+ 12. Qe2 Qc1+ 13. Qd1 Qe3+
14. Be2 Nxe5 15. Bxe5 Qxe5 16. Nd2 Be6 17. Ngf3 Qa5 18. Kf1 O-O-O 19. Qe1 Nf6
20. Nb3 Qf5 21. Qf2 Kb8 22. Nbd4 Qe4 23. Nb5 b6 24. Qg3 Rd7 25. Ne5 Rhd8 26.
Nxd7+ Rxd7 27. Qf3 Qe5 28. h3 Qxa1+ 29. Kf2 Qxh1 30. Qa3 c5 31. Qg3+ Kc8 32.
Nd6+ Rxd6 0-1

[Event "32. Kieler Open 2019 B-Open"]
[Site "Kiel"]
[Date "2019.07.30"]
[Round "6.11"]
[White "Zielke, Bernd"]
[Black "Johlke, Lukas"]
[Result "0-1"]
[WhiteElo "1707"]
[BlackElo "1584"]
[Annotator "HAD"]
[PlyCount "84"]
[EventDate "2019.??.??"]
[WhiteTeam "Kieler SG"]
[BlackTeam "SG Jasmund"]

1. b4 e5 2. Bb2 d6 3. c4 Bf5 4. e3 Nf6 5. Nf3 Nbd7 6. d3 c6 7. Be2 Be7 8. Nbd2
O-O 9. O-O h6 10. Qb3 Re8 11. Rfc1 a6 12. d4 e4 13. Ne1 d5 14. cxd5 Nxd5 15. a3
Bg5 16. g3 Bh3 17. Ng2 Nf8 18. Qc2 Bxg2 19. Kxg2 Bxe3 20. Nxe4 Bxc1 21. Rxc1
Rb8 22. Nc5 Qg5 23. Kh1 Re7 24. Bf3 Rbe8 25. Ne4 Qf5 26. Nd2 Re1+ 27. Kg2 Qg5
28. h4 Rxc1 29. Bxc1 Qg6 30. Be4 Qf6 31. Nf3 Ne6 32. Bb2 g5 33. Ne5 gxh4 34.
Qd2 hxg3 35. fxg3 Ng5 36. Bxd5 cxd5 37. Bc1 Ne4 38. Qe3 Rc8 39. Ng4 Rc2+ 40.
Kg1 Qg6 41. Nxh6+ Kh7 42. Nxf7 Rxc1+ 0-1

[Event "32. Kieler Open 2019 B-Open"]
[Site "Kiel"]
[Date "2019.07.30"]
[Round "6.12"]
[White "Hogreve, Holger"]
[Black "Zechel, Rolf-Rüdiger"]
[Result "1/2-1/2"]
[WhiteElo "1434"]
[BlackElo "1651"]
[Annotator "HAD"]
[PlyCount "84"]
[EventDate "2019.??.??"]
[WhiteTeam " Eckernförder SC"]
[BlackTeam "SK Kaltenkirchen"]

1. Nf3 c5 2. g3 b6 3. Bg2 Bb7 4. O-O Nf6 5. d3 e6 6. Bg5 Be7 7. e4 d6 8. Nbd2
Nbd7 9. Re1 O-O 10. b3 a6 11. Bxf6 Bxf6 12. Rb1 Qc7 13. Re2 Rfd8 14. Qf1 b5 15.
Bh1 d5 16. exd5 Bxd5 17. Rd1 Bc3 18. Nb1 Ne5 19. Nxe5 Bxe5 20. Rde1 Bf6 21.
Bxd5 Rxd5 22. Re4 Rad8 23. Rg4 a5 24. Nd2 Rd4 25. Ree4 R4d5 26. Qh3 Bg5 27. Nf3
f5 28. Nxg5 fxg4 29. Nxe6 gxh3 30. Nxc7 Rd4 31. Re5 R8d7 32. Nxb5 R4d5 33. Re6
Kf7 34. Re3 Re7 35. Rxe7+ Kxe7 36. Nc3 Re5 37. Ne4 Ke6 38. c4 g5 39. g4 Kf7 40.
f3 Kg6 41. Kf2 h5 42. Kg3 h4+ 1/2-1/2

[Event "32. Kieler Open 2019 B-Open"]
[Site "Kiel"]
[Date "2019.07.30"]
[Round "6.13"]
[White "Ehrich, Dieter"]
[Black "Malinowsky, Levi"]
[Result "1/2-1/2"]
[WhiteElo "1612"]
[BlackElo "1418"]
[Annotator "HAD"]
[PlyCount "53"]
[EventDate "2019.??.??"]
[WhiteTeam "PSV Ribnitz-Damgarten"]
[BlackTeam "SK Doppelbauer Kiel"]

1. c4 c5 2. g3 Nf6 3. Bg2 g6 4. Nc3 Bg7 5. Nf3 O-O 6. O-O Nc6 7. d4 cxd4 8.
Nxd4 e6 9. Nxc6 bxc6 10. Qc2 d5 11. cxd5 cxd5 12. e3 Bd7 13. Rd1 Rc8 14. Qe2
Ne8 15. Bd2 Nd6 16. a4 Nc4 17. Be1 Qb6 18. b4 Nxe3 19. a5 Nxd1 20. axb6 Nxc3
21. Bxc3 Bxc3 22. Rxa7 Be8 23. b7 Rb8 24. Qa6 Bxb4 25. Ra8 Bd7 26. Rxb8 Rxb8
27. Qb6 1/2-1/2

[Event "32. Kieler Open 2019 B-Open"]
[Site "Kiel"]
[Date "2019.07.30"]
[Round "6.14"]
[White "Eberhardt, Michael"]
[Black "Christensen, Mats"]
[Result "1/2-1/2"]
[WhiteElo "1761"]
[BlackElo "1543"]
[Annotator "HAD"]
[PlyCount "93"]
[EventDate "2019.??.??"]
[WhiteTeam "SC Agon Neumünster"]
[BlackTeam "SK Doppelbauer Kiel"]

1. Nf3 Nf6 2. c4 g6 3. b4 Bg7 4. Bb2 O-O 5. g3 c6 6. Bg2 d5 7. Qc2 Bf5 8. d3 a5
9. a3 Qb6 10. c5 Qc7 11. O-O axb4 12. axb4 Rxa1 13. Bxa1 Nbd7 14. Nc3 e5 15.
Nd2 Be6 16. e4 d4 17. Ne2 b5 18. Nb3 Bxb3 19. Qxb3 Ra8 20. Bb2 Ra4 21. Ra1 Qa7
22. Rxa4 bxa4 23. Qa3 Ne8 24. Bh3 Nb8 25. f4 Nc7 26. fxe5 Nb5 27. Qa1 Bxe5 28.
Ba3 Na6 29. Kf1 Nxa3 30. Qxa3 Nc7 31. Nc1 Nb5 32. Qa1 a3 33. Bg4 Qa4 34. Qb1
Nc3 35. Qb3 Qa6 36. Qc4 Qa8 37. Na2 Nxa2 38. Qxa2 Qa4 39. Be6 fxe6 40. Qxe6+
Kf8 41. Qxe5 a2 42. Qf6+ Kg8 43. Qd8+ Kf7 44. Qd7+ Kf8 45. Qd8+ Kg7 46. Qe7+
Kh6 47. Qh4+ 1/2-1/2

[Event "32. Kieler Open 2019 B-Open"]
[Site "Kiel"]
[Date "2019.07.30"]
[Round "6.15"]
[White "Sowa, Kay"]
[Black "Woltmann, Peter"]
[Result "1-0"]
[WhiteElo "1729"]
[BlackElo "1523"]
[Annotator "HAD"]
[PlyCount "129"]
[EventDate "2019.??.??"]
[WhiteTeam "SK Doppelbauer Kiel"]
[BlackTeam "Raisdorfer SG"]

1. d4 g6 2. Nc3 Bg7 3. Bf4 d6 4. Nf3 Nf6 5. Qd2 Bf5 6. O-O-O Nc6 7. d5 Nb4 8.
a3 Na6 9. Nd4 Bd7 10. e4 Ng4 11. h3 Ne5 12. Bh6 Bxh6 13. Qxh6 c5 14. Qg7 Rf8
15. Ndb5 Bxb5 16. Bxb5+ Nd7 17. e5 Qc7 18. e6 O-O-O 19. Bxd7+ Kb8 20. Qxh7 Rxd7
21. exd7 Qxd7 22. Rhe1 Nc7 23. Re2 Qf5 24. Qh4 e6 25. dxe6 Nxe6 26. Rxd6 g5 27.
Qe4 Qf4+ 28. Qe3 Qxe3+ 29. Rxe3 Kc7 30. Rd5 Kc6 31. Rd1 b5 32. Ne4 a5 33. Nxg5
Nf4 34. g3 f6 35. Rf3 Ne2+ 36. Kd2 Nd4 37. Rf4 Kd5 38. Nf3 Ne6 39. Rh4 b4 40.
axb4 cxb4 41. Rh5+ f5 42. g4 Kd6 43. Rxf5 Rh8 44. Ke3+ Ke7 45. h4 a4 46. Ra1
Ra8 47. h5 a3 48. bxa3 bxa3 49. h6 Nf8 50. Nh4 a2 51. g5 Ra3+ 52. Ke2 Ra4 53.
f4 Re4+ 54. Kf3 Ra4 55. g6 Ra3+ 56. Kg4 Nxg6 57. Nxg6+ Ke6 58. h7 Ra6 59. h8=Q
Kd7 60. Qg7+ Kc6 61. Rf6+ Kb5 62. Rxa6 Kxa6 63. Rxa2+ Kb5 64. Qe5+ Kc4 65. Ra4#
1-0

[Event "32. Kieler Open 2019 B-Open"]
[Site "Kiel"]
[Date "2019.07.30"]
[Round "6.16"]
[White "Stieber, Mike"]
[Black "Sowa, Uwe"]
[Result "1/2-1/2"]
[WhiteElo "1697"]
[BlackElo "1520"]
[Annotator "HAD"]
[PlyCount "65"]
[EventDate "2019.??.??"]
[WhiteTeam "SC Rochade Zeulenroda"]
[BlackTeam "Kiel"]

1. d4 e6 2. c4 b6 3. Nc3 Bb4 4. a3 Bxc3+ 5. bxc3 Bb7 6. Nf3 f5 7. Bg5 Nf6 8. e3
O-O 9. Be2 h6 10. Bxf6 Qxf6 11. O-O d6 12. Nd2 Nd7 13. Bf3 Bxf3 14. Qxf3 c5 15.
Qc6 Qe7 16. Qf3 Nf6 17. a4 a5 18. Rfb1 Qc7 19. Rb5 Rab8 20. Rab1 Kh8 21. Qe2
Rfe8 22. f3 g5 23. Qd3 Re7 24. Qc2 h5 25. e4 h4 26. Qb2 Nd7 27. Re1 Rbe8 28.
Qc2 f4 29. Rbb1 e5 30. d5 Nf6 31. h3 Rg7 32. Kf2 Rgg8 33. Rh1 1/2-1/2

[Event "32. Kieler Open 2019 B-Open"]
[Site "Kiel"]
[Date "2019.07.30"]
[Round "6.17"]
[White "Priemer, Robert"]
[Black "Möller, Rainer"]
[Result "1-0"]
[WhiteElo "1682"]
[BlackElo "1349"]
[Annotator "HAD"]
[PlyCount "63"]
[EventDate "2019.??.??"]
[WhiteTeam "SC Agon Neumünster"]
[BlackTeam "SV Büsum"]

1. e4 c5 2. Nf3 Nc6 3. d4 cxd4 4. Nxd4 d6 5. Bb5 Bd7 6. O-O Nf6 7. Nc3 e6 8.
Re1 Be7 9. Bg5 O-O 10. Bxc6 bxc6 11. e5 dxe5 12. Rxe5 Re8 13. Qf3 Rb8 14. b3
Nd5 15. Bxe7 Qxe7 16. a3 f6 17. Re2 Qf7 18. Ne4 Qf8 19. c4 c5 20. cxd5 cxd4 21.
dxe6 Bxe6 22. b4 Bc4 23. Rd2 Rbd8 24. Nc5 Qe7 25. h3 Bd5 26. Qf4 Qe5 27. Qxd4
Qg5 28. f4 Qg3 29. Qf2 Qc3 30. Re1 Rxe1+ 31. Qxe1 Qxa3 32. Rxd5 1-0

[Event "32. Kieler Open 2019 B-Open"]
[Site "Kiel"]
[Date "2019.07.30"]
[Round "6.20"]
[White "Wirtjes, Edzard"]
[Black "Welker, Alexandra"]
[Result "0-1"]
[WhiteElo "1601"]
[BlackElo "1339"]
[Annotator "HAD"]
[PlyCount "36"]
[EventDate "2019.??.??"]
[WhiteTeam "VfR Heisfelde"]
[BlackTeam "TuS Makkabi Ffm"]

1. c4 e5 2. Nc3 f5 3. g3 Nf6 4. Bg2 Bb4 5. a3 Bxc3 6. bxc3 d6 7. d4 O-O 8. e3
c5 9. Ne2 Nc6 10. O-O Qd7 11. Qa4 Ne4 12. Rd1 cxd4 13. Bxe4 fxe4 14. Kf1 Qf7
15. f4 exf3 16. Nf4 exf4 17. exf4 Bh3+ 18. Kf2 Rae8 0-1